Diccionario guaymi-español-inglés
Kaydedildi:
| Yazar: | |
|---|---|
| Materyal Türü: | Kitap |
| Dil: | Undetermined |
| Baskı/Yayın Bilgisi: |
Panamá, Panamá
Asamblea Espíritual Nacional de los Bahá`ís de Panamá
1994
|
| Konular: | |
| Etiketler: |
Etiketle
Etiket eklenmemiş, İlk siz ekleyin!
|
MARC
| LEADER | 00000nam a2200000Ia 4500 | ||
|---|---|---|---|
| 008 | 170316s9999 xx 000 0 und d | ||
| 040 | |a cru BVZT | ||
| 090 | |a R-413 J-1d IND | ||
| 100 | |a Juan Alphonse, Ephraim S. | ||
| 245 | |a Diccionario guaymi-español-inglés | ||
| 260 | |a Panamá, Panamá | ||
| 260 | |b Asamblea Espíritual Nacional de los Bahá`ís de Panamá | ||
| 260 | |c 1994 | ||
| 300 | |a 333 páginas | ||
| 650 | 0 | |a REFERENCIA |9 27 | |
| 650 | 0 | |a DICCIONARIO |9 28 | |
| 650 | 0 | |a GUAYMI-ESPAÑOL-INGLÉS |9 169 | |
| 942 | |c REF |2 z |0 3 | ||
| 999 | |c 14596 |d 14596 | ||
